[Event "DGCS OPEN 2018"]
[Site "Ostrow Wielkopolski"]
[Date "2018.09.28"]
[Round "9.3"]
[White "Dudzinski, Pawel"]
[Black "Szadkowski, Kamil"]
[Result "0-1"]
[BlackElo "2194"]
[WhiteElo "2263"]
[LiveChessVersion "1.4.8"]

1. e4 {[%clk 0:10:05]} e5 {[%clk 0:10:04]} 2. Nf3 {[%clk 0:10:04]} Nc6
{[%clk 0:10:06]} 3. d4 {[%clk 0:10:06]} exd4 {[%clk 0:10:07]} 4. Nxd4
{[%clk 0:10:08]} Bb4+ {[%clk 0:10:09]} 5. c3 {[%clk 0:10:07]} Bc5
{[%clk 0:10:11]} 6. Be3 {[%clk 0:09:53]} Bb6 {[%clk 0:10:13]} 7. Nd2
{[%clk 0:09:42]} d6 {[%clk 0:10:01]} 8. Nc4 {[%clk 0:09:36]} Nf6 {[%clk 0:09:52]}
9. Nxb6 {[%clk 0:09:30]} axb6 {[%clk 0:09:52]} 10. Nxc6 {[%clk 0:08:54]} bxc6
{[%clk 0:09:54]} 11. Bd3 {[%clk 0:08:48]} O-O {[%clk 0:09:46]} 12. Bg5
{[%clk 0:08:36]} Ra5 {[%clk 0:09:35]} 13. f4 {[%clk 0:07:31]} h6 {[%clk 0:08:04]}
14. Bh4 {[%clk 0:07:29]} Qe7 {[%clk 0:07:36]} 15. O-O {[%clk 0:07:29]} Qe6
{[%clk 0:07:38]} 16. Qb3 {[%clk 0:06:33]} Nd7 {[%clk 0:07:23]} 17. Qxe6
{[%clk 0:06:20]} fxe6 {[%clk 0:07:25]} 18. Rf3 {[%clk 0:04:40]} Ba6
{[%clk 0:06:17]} 19. Bc2 {[%clk 0:03:50]} Be2 {[%clk 0:06:08]} 20. Re3
{[%clk 0:03:30]} Bh5 {[%clk 0:06:09]} 21. Bg3 {[%clk 0:03:07]} e5
{[%clk 0:05:41]} 22. f5 {[%clk 0:03:03]} Bf7 {[%clk 0:05:37]} 23. a3
{[%clk 0:03:02]} c5 {[%clk 0:05:08]} 24. Rf1 {[%clk 0:02:40]} b5 {[%clk 0:05:04]}
25. Be1 {[%clk 0:02:42]} Nb6 {[%clk 0:04:55]} 26. Rg3 {[%clk 0:02:09]} Nc4
{[%clk 0:04:49]} 27. b3 {[%clk 0:01:56]} Nxa3 {[%clk 0:04:46]} 28. Bd1
{[%clk 0:01:56]} Nb1 {[%clk 0:04:10]} 29. Bc2 {[%clk 0:01:52]} Na3 30. Bd1 Nb1
{[%clk 0:03:08]} 31. Bc2 {[%clk 0:01:57]} Na3 {[%clk 0:03:06]} 32. Bd1
{[%clk 0:01:58]} Nb1 {[%clk 0:02:55]} 33. c4 {[%clk 0:01:43]} Ra2
{[%clk 0:02:34]} 34. cxb5 {[%clk 0:01:42]} Rb8 {[%clk 0:02:36]} 35. f6
{[%clk 0:01:35]} g6 {[%clk 0:02:38]} 36. Rf2 {[%clk 0:01:20]} Rxf2
{[%clk 0:02:05]} 37. Bxf2 {[%clk 0:01:18]} Rxb5 {[%clk 0:01:59]} 38. h4
{[%clk 0:01:10]} Nd2 {[%clk 0:02:01]} 39. h5 {[%clk 0:00:18]} g5 {[%clk 0:02:01]}
40. Re3 {[%clk 0:00:11]} Nxb3 {[%clk 0:01:58]} 41. Kh2 {[%clk 0:00:08]} Nd4
{[%clk 0:01:58]} 42. Ra3 {[%clk 0:00:09]} Rb8 {[%clk 0:01:52]} 43. Ra7
{[%clk 0:00:10]} Nb5 {[%clk 0:01:53]} 44. Ra5 {[%clk 0:00:09]} Bc4
{[%clk 0:01:49]} 45. Ba4 {[%clk 0:00:05]} Kf7 {[%clk 0:01:50]} 46. Bxb5 Bxb5
{[%clk 0:01:50]} 47. Ra7 {[%clk 0:00:09]} Rc8 {[%clk 0:01:47]} 48. Kg3
{[%clk 0:00:11]} Kxf6 {[%clk 0:01:48]} 49. Kf3 {[%clk 0:00:13]} Ke6
{[%clk 0:01:41]} 50. Be1 {[%clk 0:00:15]} Bc6 {[%clk 0:01:33]} 51. Ba5
{[%clk 0:00:13]} c4 {[%clk 0:01:28]} 52. Bxc7 {[%clk 0:00:13]} c3
{[%clk 0:01:28]} 53. Ke3 {[%clk 0:00:10]} c2 {[%clk 0:01:26]} 54. Kd2
{[%clk 0:00:09]} Bxe4 {[%clk 0:01:27]} 55. g3 {[%clk 0:00:11]} c1=Q+
{[%clk 0:01:27]} 56. Kxc1 {[%clk 0:00:13]} Kd7 {[%clk 0:01:29]} 57. Ra4
{[%clk 0:00:13]} Rxc7+ {[%clk 0:01:31]} 58. Kd2 {[%clk 0:00:15]} Bf5
{[%clk 0:01:30]} 0-1

[Event "DGCS OPEN 2018"]
[Site "Ostrow Wielkopolski"]
[Date "2018.09.28"]
[Round "9.4"]
[White "Chojnacki, Slawomir"]
[Black "Siwik, Rafal"]
[Result "1-0"]
[BlackElo "1982"]
[WhiteElo "2182"]
[LiveChessVersion "1.4.8"]

1. d4 {[%clk 0:10:05]} d5 {[%clk 0:10:05]} 2. Nf3 {[%clk 0:10:07]} Nf6
{[%clk 0:10:06]} 3. Bf4 {[%clk 0:10:09]} e6 {[%clk 0:09:53]} 4. Nbd2
{[%clk 0:10:03]} c5 {[%clk 0:09:43]} 5. e3 {[%clk 0:09:42]} Nc6 {[%clk 0:09:42]}
6. c3 {[%clk 0:09:43]} Be7 {[%clk 0:09:24]} 7. Be2 {[%clk 0:09:40]} O-O
{[%clk 0:09:25]} 8. O-O {[%clk 0:09:41]} h6 {[%clk 0:08:37]} 9. Ne5
{[%clk 0:09:37]} Nxe5 {[%clk 0:08:09]} 10. Bxe5 {[%clk 0:09:38]} Bd6
{[%clk 0:08:11]} 11. f4 {[%clk 0:09:38]} Ne4 {[%clk 0:07:00]} 12. Nxe4
{[%clk 0:09:31]} dxe4 {[%clk 0:07:02]} 13. Bxd6 Qxd6 {[%clk 0:07:04]} 14. dxc5
{[%clk 0:08:24]} Qxc5 {[%clk 0:07:06]} 15. Qd4 {[%clk 0:08:21]} Qxd4
{[%clk 0:06:56]} 16. exd4 {[%clk 0:08:22]} Bd7 {[%clk 0:06:50]} 17. Kf2
{[%clk 0:08:22]} f5 {[%clk 0:06:42]} 18. Ke3 {[%clk 0:08:21]} Rac8
{[%clk 0:06:38]} 19. h3 {[%clk 0:08:08]} Rfd8 {[%clk 0:06:12]} 20. Rg1
{[%clk 0:07:32]} Be8 {[%clk 0:06:11]} 21. g4 {[%clk 0:07:29]} g6 {[%clk 0:05:07]}
22. h4 {[%clk 0:07:24]} Rc7 {[%clk 0:04:46]} 23. h5 {[%clk 0:07:05]} gxh5
{[%clk 0:04:43]} 24. gxf5+ {[%clk 0:07:06]} Rg7 {[%clk 0:04:27]} 25. fxe6
{[%clk 0:07:00]} Bc6 {[%clk 0:04:08]} 26. Bxh5 {[%clk 0:06:49]} Rf8
{[%clk 0:04:04]} 27. Bf7+ {[%clk 0:06:46]} Kh8 {[%clk 0:04:05]} 28. f5
{[%clk 0:06:41]} 1-0